| 000 | 00743 a2200169 4500 | ||
|---|---|---|---|
| 003 | Nust | ||
| 005 | 20221017124545.0 | ||
| 040 | _cNust | ||
| 082 | _a600,LOR | ||
| 100 |
_aCrowther _9100452 |
||
| 245 |
_aScience and World Orde _cJ.G Crowther |
||
| 260 |
_aUSA _bPenguin Books _c1942 |
||
| 300 | _a141:p | ||
| 505 | _aThe conference (Page 9), Fostring the scientific spirit (Page-16), Science and government,specially in britain (Page 39)5.world resources(Page-57), Health and food (Page-73), Post war relief (Page-84), The restarting of european agriculture after the war (Page-98), Science and world planning (Page-109), The international commonwealth of science (Page-129). | ||
| 650 |
_aScience and World Orde _9100453 |
||
| 942 |
_2ddc _cBK |
||
| 999 |
_c183071 _d183071 |
||